000
00228nam a2200109Ia 4500
008
190216s9999||||xx |||||||||||||| ||und||
100
_a
Samuel M S
245
0
_a
Botany Pdc
260
_b
Macmillan
650
_a
Botany
942
_c
BK
999
_c
1028
_d
1028